| 000 | 00692nam a22002177a 4500 | ||
|---|---|---|---|
| 003 | KOHA_MİRAKIL | ||
| 005 | 20260424092802.0 | ||
| 008 | 260421b tu ||||| |||| 00| 0 tur d | ||
| 020 | _a9786259636122 | ||
| 040 |
_aTR-AnABB _btur _cTR-AnABB |
||
| 041 | _atur | ||
| 082 |
_a351.009 2 _bYIL 2025 |
||
| 100 | 1 | _aYıldızer, Cemal | |
| 245 | 1 | 0 |
_aİnsana dokunmak : _banılarla / _cCemal Yıldızer |
| 260 |
_aAnkara : _bAşıkça Kitapevi, _c2025 |
||
| 300 |
_a455 sayfa ; _c20 cm |
||
| 500 | _aYazar tarafından Prof. Dr. Ruşen Keleş için imzalanmıştır. | ||
| 650 | 0 | 4 | _aMülki idare amirleri, Türkiye, Anılar |
| 900 | _bCan ÇELIK | ||
| 942 |
_2ddc _cBK |
||
| 999 |
_c10306 _d10306 |
||